000
00245nam a2200097Ia 4500
008
240331s9999 xx 000 0 und d
082
_b
ABE
100
_a
Abesekara,S
245
0
_a
Children of Sri Lanka The Asian Child :
_b
Logos v.18 No.4
942
_c
L
999
_c
1527
_d
1527